| 000 | 00641nam 22001813 4500 | ||
|---|---|---|---|
| 001 | 201381 | ||
| 090 | _a201381 | ||
| 100 | _a20260318d u||y0pory50 ba | ||
| 200 |
_aA experiência do prodígio _cbases teóricas e antologia de textos-visuais portugueses dos séculos XVII e XVIII _fAna Hatherly |
||
| 210 |
_a[Lisboa] _cImprensa Nacional - Casa da Moeda _dimp. 1983 |
||
| 215 |
_a281, [215] p. _cil. ; brochado _d24 cm |
||
| 225 | _aTemas Portugueses | ||
| 606 |
_93661 _aCrítica Literária.Estudos Literários |
||
| 675 |
_a82.09 _vPT _zpor |
||
| 700 |
_916876 _aHatherly _bAna _f1929-2015 |
||
| 801 |
_aPT _bBMMN _gRPC |
||
| 830 | _cVanda | ||
| 990 | _cLIVROS | ||